| 000 | 01093nam a2200325Ia 4500 | ||
|---|---|---|---|
| 003 | OSt | ||
| 005 | 20221007123139.0 | ||
| 006 | a|||||r|||| 00| 0 | ||
| 007 | ta | ||
| 008 | 221006b |||||||| |||| 00| 0 eng d | ||
| 020 | _a9781482223040 (hbk) | ||
| 024 | _a200977 | ||
| 037 |
_b20274, 29/01/2020, Channel Publications _cTextual |
||
| 040 |
_aPAPL _cPAPL _beng |
||
| 041 |
_2eng _aeng |
||
| 082 | _aC6:212:(D), Q9 Carpa | ||
| 100 | _aBanerjee Jyoti Prasad | ||
| 245 | 0 |
_aPhysics of semiconductors and nanostructures _b Banerjee Suranjana |
|
| 260 |
_aBoca _bRaton CRC Press _c2019 |
||
| 300 |
_axxi, 411p. ill. _ccm. |
||
| 500 | _aAppendix 403-405p.; Index 407-411p. | ||
| 650 |
_a Nanostructures _9714415 |
||
| 650 |
_a Quantum theory _9612792 |
||
| 650 |
_a Semiconductors _9468426 |
||
| 650 |
_a Transport phenmena _9716680 |
||
| 650 | _aPhysics | ||
| 700 | _a Banerjee Suranjana | ||
| 942 |
_hC6:212:(D), Q9 Carpa _cTEXL _2CC |
||
| 999 |
_c1211447 _d1211447 |
||